| 000 | 01451nam a2200385 i 4500 | ||
|---|---|---|---|
| 001 | ELB70620 | ||
| 003 | FINmELB | ||
| 005 | 20250326043641.0 | ||
| 006 | m o u | ||
| 007 | cr cn||||||||| | ||
| 008 | 190210s2017 ck o 000 0 spa d | ||
| 020 | _z9789587744187 | ||
| 020 | _a9789587744194 (e-book) | ||
| 035 | _a(OCoLC)1149116855 | ||
| 040 |
_aFINmELB _bspa _erda _cFINmELB |
||
| 050 | 4 |
_aPN2037 _bS246 2017 |
|
| 080 | _a792 | ||
| 082 | 0 |
_a792 _223 |
|
| 100 | 1 | _aSarmiento Gaffuri, Ricardo. | |
| 245 | 1 | 0 |
_aDirectores invisibles : _bel laberinto endotrágico de la Socetas Raffaello Sanzio / _cRicardo Sarmiento Gaffurri. |
| 264 | 1 |
_aBogotá : _bUniversidad de los Andes, _c2017. |
|
| 300 | _a1 recurso en línea (204 páginas) | ||
| 336 |
_atexto _btxt _2rdacontent/spa |
||
| 337 |
_acomputadora _bc _2rdamedia/spa |
||
| 338 |
_arecurso en línea _bcr _2rdacarrier/spa |
||
| 588 | _aDescripción basada en metadatos suministrados por el editor y otras fuentes. | ||
| 590 | _aRecurso electrónico. Santa Fe, Arg.: elibro, 2020. Disponible vía World Wide Web. El acceso puede estar limitado para las bibliotecas afiliadas a elibro. | ||
| 600 | 1 | 0 |
_aCastellucci, Romeo, _d1960- |
| 610 | 2 | 0 | _aSocietas Raffaello Sanzio (Theatrical company) |
| 650 | 0 |
_aTheater _y20th century. |
|
| 650 | 4 | _aTeatro. | |
| 655 | 4 | _aLibros electrónicos. | |
| 797 | 2 | _aelibro, Corp. | |
| 856 | 4 | 0 | _uhttps://elibro.net/ereader/usam/70620 |
| 999 |
_c150218 _d150218 |
||